IRRATIONAL EXUBERANCE (Record no. 18164)

MARC details
000 -LEADER
fixed length control field 00352nam a2200145Ia 4500
008 - FIXED-LENGTH DATA ELEMENTS--GENERAL INFORMATION
fixed length control field 240624s9999 xx 000 0 und d
041 ## - LANGUAGE CODE
Language code of text/sound track or separate title eng
082 ## - DEWEY DECIMAL CLASSIFICATION NUMBER
Classification number 332.632220973 SHI
100 ## - MAIN ENTRY--PERSONAL NAME
Personal name SHILLER ROBERT J
245 ## - TITLE STATEMENT
Title IRRATIONAL EXUBERANCE
250 ## - EDITION STATEMENT
Edition statement (2nd ed.)
260 ## - PUBLICATION, DISTRIBUTION, ETC.
Date of publication, distribution, etc. 2006
Place of publication, distribution, etc. New York
Name of publisher, distributor, etc. Crown Business
300 ## - PHYSICAL DESCRIPTION
Extent 336 : p.
365 ## - TRADE PRICE
Currency code
Price amount 29
Holdings
Withdrawn status Lost status Damaged status Not for loan Home library Current library Shelving location Date acquired Source of acquisition Cost, normal purchase price Full call number Barcode Date last seen Copy number Price effective from Koha item type
        IMTN IMTN Rack 11-A 11/04/2011 IBH 16.00 332.632220973 SHI 18164 06/24/2024 51.9 06/24/2024 Books
Designed & Maintained by: LRC IMT Nagpur Contact: lrc@imtnag.ac.in© 2024. All Rights Reserved.